BSOP header

詩篇(卷一)(平裝) Psalms (I) ch /= (Record no. 635)

MARC details
000 -LEADER
fixed length control field 00658nam a2200193 4500
008 - FIXED-LENGTH DATA ELEMENTS--GENERAL INFORMATION
fixed length control field 010119s1999 -hk 0 chiYA
020 ## - INTERNATIONAL STANDARD BOOK NUMBER
International Standard Book Number 9622083870
090 ## - LOCALLY ASSIGNED LC-TYPE CALL NUMBER (OCLC); LOCAL CALL NUMBER (OCLC)
Classification number (OCLC) (R) ; Classification number, CALL (RLIN) (NR) BS498.C5
Local cutter number (OCLC) ; Book number/undivided call number, CALL (RLIN) T44
-- PsaI
100 1# - MAIN ENTRY--PERSONAL NAME
Personal name 張國定 Cheung, Aron K. T.
245 10 - TITLE STATEMENT
Title 詩篇(卷一)(平裝) Psalms (I) ch /=
Remainder of title 張國定
Statement of responsibility, etc by Aaron K.T. Cheung
260 ## - PUBLICATION, DISTRIBUTION, ETC. (IMPRINT)
Place of publication, distribution, etc Kowloon, Hongkong :
Name of publisher, distributor, etc 天道 Tien Dao Publishing,
Date of publication, distribution, etc c1999.
300 ## - PHYSICAL DESCRIPTION
Extent xiii, 620 p.
490 1# - SERIES STATEMENT
Series statement Tien Dao Bible commentary
504 ## - BIBLIOGRAPHY, ETC. NOTE
Bibliography, etc Includes bibliographical references.
650 #4 - SUBJECT ADDED ENTRY--TOPICAL TERM
Topical term or geographic name as entry element Bible
General subdivision Commentaries
-- Collected works {ch}
650 #4 - SUBJECT ADDED ENTRY--TOPICAL TERM
Topical term or geographic name as entry element Bible. O.T. Psalms
General subdivision Commentaries {ch}
942 00 - ADDED ENTRY ELEMENTS (KOHA)
Koha issues (borrowed), all copies 2
Holdings
Withdrawn status Lost status Damaged status Not for loan Home library Current library Shelving location Date acquired Accession number Shelving control number Total Checkouts Full call number Barcode Date last seen Date last borrowed Price effective from Koha item type
        BSOP Library BSOP Library Chinese Books (General Circulation) 12/21/2000 C-3667 127 2 BS498.C5/T44/PsaI 00009440 03/19/2020 03/17/2020 02/23/2013 Books
BSOP

Biblical Seminary of the Philippines
  All rights Reserved
  © 2024

CONTACT INFORMATION

Biblical Seminary of the Philippines,
  77-B Karuhatan Road, Valenzuela City,
  PHILIPPINES 1441
  Phone: +632 8292-6795 / 8292-6798
  Fax : +632 8292-6675
  Email: library@bsop.edu.ph